GZM - Linia M3 wszystkie przystanki - Statystyki

Ogólne statystyki
  • Ten quiz został rozwiązany 3 razy
  • Średni wynik to 23 z 35
Statystyki odpowiedzi
Lp. Miasto Ulica Przystanek % Poprawnych
7. Bytom Kolejowa Bytom Dworzec
100%
3. Tarnowskie Góry Bytomska Osada Jana
100%
2. Tarnowskie Góry BytomskaMarszałka Józefa Piłsudskiego Tarnowskie Góry Bytomska
100%
1. Tarnowskie Góry Pokoju Tarnowskie Góry Dworzec
100%
10. Bytom Chorzowska Bytom Arki Bożka
67%
8. ↑ Bytom Marszałka Józefa Pilsudskiego Bytom Plac Sobieskiego
67%
9. Bytom Chorzowska Bytom Teatr Tańca-Rozbark
67%
16. Chorzów Katowicka Chorzów AKS
67%
13. Chorzów Katowicka Chorzów Muzeum Hutnictwa
67%
11. ↓ Chorzów Katowicka Chorzów Nowa
67%
15. ↑ Chorzów Generała Henryka Dąbrowskiego Chorzów Pałac Ślubów
67%
12. ↑ Chorzów Katowicka Chorzów Stabika
67%
WAR ↑ Chorzów Katowicka Chorzów Stadion Śląski
67%
WAR Chorzów Strzelców Bytomskich Chorzów Szpital Miejski
67%
14. ↓ Chorzów Katowicka Chorzów Teatr Rozrywki
67%
WAR Chorzów Władysława Truchana Chorzów Truchana Szpital
67%
WAR Chorzów Generała Henryka Dąbrowskiego Chorzów ZUS
67%
19. Katowice Chorzowska Dąb Huta Baildon
67%
18. Katowice Chorzowska Dąb Kościół
67%
21. ↓ Katowice Al. Wojciecha Korfantego Katowice Aleja Korfantego
67%
20. ↓ Katowice Chorzowska Katowice Chorzowska
67%
WAR Katowice Dworcowa Katowice Dworzec
67%
22. Katowice Ks. Piotra Skargi Katowice Piotra Skargi
67%
WAR ↑ Katowice Plac Wolności Katowice Plac Wolności
67%
WAR Katowice Sokolska Katowice Sokolska
67%
WAR ↓ Katowice Chorzowska Katowice Stadion Śląski
67%
WAR Bytom ChorzowskaKatowicka Łagiewniki Media-Markt
67%
17. Katowice Chorzowska Park Śląski Ogród Zoologiczny
67%
5. Bytom Strzelców Bytomskich Stroszek Kopalnia
67%
4. Bytom Strzelców Bytomskich Stroszek Osiedle
67%
WAR Tarnowskie Góry Józefa Korola Bobrowniki Śląskie
33%
WAR Bytom Strzelców Bytomskich Bytom Fałata
33%
WAR ↑ Bytom Stanisława Witczaka Bytom Pogoda
33%
6. Bytom Strzelców Bytomskich Bytom Strzelców Bytomskich
33%
WAR Bytom Strzelców Bytomskich Sucha Góra Poczta
33%
Nie znaleziono quizów pasujących do podanych kryteriów
Rozkład punktacji
Procent ludzi z każdym wynikiem
Percentyl według liczby udzielonych odpowiedzi
Twoja historia wyników
Nie rozwiązałeś tego quizu